000 00988nam a2200265 a 4500
005 20160113045836.0
008 160113s2007 ck d gr|||| 000 0 spa d
020 _a9789588368016
040 _aCO-BoIAVH
_cCO-BoIAVH
041 0 _aspa
044 _ack
082 0 4 _a635.652
_bC82g
110 2 _aCorporación para el Desarrollo Sostenible del Sur de la Amazonia
245 0 0 _aGuía ambiental para la producción limpia en el cultivo de fríjol a partir del estudio de caso de los cultivos en el Valle de Sibundoy-Putumayo
250 _aPrimera edición
260 _aMedellín :
_bCORPOAMAZONIA,
_c2007.
300 _a160 páginas :
_bGráficos ;
_c27 x 21 cm.
650 6 _aGuías ambientales
650 6 _aFríjol
_xCultivo
650 6 _aFríjol
_xAspectos Ambientales
650 6 _aFríjol
_xProducción
650 6 _aProducción limpia
_xFrijol
662 _aColombia
_bAmazonas
_cValle de Sibundoy
_dPutumayo
942 _cLIBRO
_2ddc
999 _c7054
_d7054